| 000 | 00798nam a22002177a 4500 | ||
|---|---|---|---|
| 999 |
_c8183 _d8183 |
||
| 003 | AR-CdUCM | ||
| 008 | 190322b ||||| |||| 00| 0 spa d | ||
| 040 |
_aMUNICIPALIDAD PROVINCIAL DEL CUSCO _cBIBLIOTECA MUNICIPAL DEL CUSCO |
||
| 082 |
_23 ed. _a512 / _bR44 |
||
| 100 |
_aRees, Paul K. _923072 |
||
| 245 | _aAlgebra intermedia / | ||
| 260 |
_aNew york : _bMcgraw - Hill, _c1966. |
||
| 300 |
_a340 páginas ; _c24 cm. |
||
| 505 | _aContenIdo : Capítulo I : La fórmula operaciones fundamentales -- Capítulo II : Las cuatro operaciones fundamentales Capítulo III : Productos especiales y descomposición en factores ... | ||
| 650 |
_aAlgebra _920185 |
||
| 650 |
_aMatemática _919387 |
||
| 650 |
_aCiencia _92098 |
||
| 700 |
_aSparks, Fred W. _923073 |
||
| 942 |
_2ddc _cLIBROS |
||
| 945 | _arah | ||